MDQL
is popping MORE tags! Check the
thread
!
Quizzes
Events
Quiz Creation
Community
Videos
Private Events
Remove Ads
Sign In
Join for FREE
Feedback
Dark Mode
Quiz Categories
Sports
Geography
Music
Movies
Television
Just For Fun
Miscellaneous
History
Literature
Language
Science
Gaming
Entertainment
Religion
Holiday
For Kids
Quiz Lab
Recent
Popular Today
Quiz Kudos Today
Editor Picks
Curator Picks
Quizzes by...
Day
Popularity
Type
Ratings
Length
Year
Community
Subscriptions
Recent Discussions
Orange Saloon
Badges
Playlists
Quests
Create
Leaderboards
Showdown
Live 5
Trivia Bingo
Activity
Puzzle Library
Sporcle Events
Private Events
Virtual Trivia
Globe League
Become a Host
Pub Owners
SporcleCon
Opinionation
Our Games
Videos
Blog
Mobile Apps
Partnerships
Remove Ads and Go Orange
Feedback
Sports
Athletes
MLB
NBA
NHL
NFL
Soccer
Sports Teams
WWE
NCAA
Football
Premier League
Basketball
Baseball
Hockey
Golf
Tennis
Cricket
Rugby
Auto Racing
Olympics
World Cup
Sports
Athletes
MLB
NBA
NHL
NFL
Soccer
Sports Teams
WWE
NCAA
Football
Premier League
Basketball
Baseball
Hockey
Golf
Tennis
Cricket
Rugby
Auto Racing
Olympics
World Cup
Random Quiz
Search Sporcle
×
Quiz Lab
Quiz Lab
Sports
Football
Type in answers that appear in a list
Type in answers that appear in a list
Classic
Best Score? Go Orange.
Roster 72-74 Oakland A's Stats
Can you name the members of the 1972-4 World Champion Oakland A's?
By
JLKeip
15m
75 Questions
276 Plays
276 Plays
276 Plays
Comments
Comments
Give Quiz Kudos
Give Quiz Kudos
-
- Ratings
hide this ad
More Info
Replay
Link that replays current quiz
Next Quiz
Link to next quiz in quiz playlist
You Got
0%
They Got
Avg Score
35%
Avg Friend Score
Upgrade to see
Score Distribution
Jump to the score distribution portion of the page
Score
0/75
Timer
15:00
0
Plays Today
position
player
% Correct
OF
Reggie Jackson
97.8%
Pitcher
Vida Blue
95.7%
Pitcher
Jim Catfish Hunter
95.7%
Pitcher
Rollie Fingers
92.8%
Catcher/
IF
Gene Tenace
91.3%
IF
Sal Bando
90.6%
OF
Joe Rudi
89.9%
Pitcher
John Odom
88%
IF
Bert 'Campy' Campaneris
87.7%
Pitcher
Ken Holtzman
84.8%
Designated Runner
Herb Washington
84.8%
OF
Claudell Washington
84.8%
IF
Jim Holt
82.2%
IF
Dick Green
79.3%
Catcher
Ray Fosse
77.9%
OF
Billy North
73.9%
Catcher
Dave Duncan
64.9%
IF
Deron Johnson
60.1%
IF
Mike Epstein
58.7%
OF
Jesus Alou
58.3%
OF
Matty Alou
58%
IF
Mike Andrews
53.6%
Pitcher
Darold Knowles
52.9%
Pitcher
Paul Lindblad
47.1%
IF
Don Mincher
44.2%
IF
Phil Garner
36.2%
OF
George Hendrick
35.1%
IF
Ted Kubiak
31.9%
Pitcher
Glenn Abbott
31.5%
DH/
PH
Orlando Cepeda
30.4%
IF
Larry Brown
30.1%
IF
Dal Maxvill
30.1%
OF
Ollie Brown
30.1%
OF
Angel Mangual
30.1%
IF
Mike Hegan
29.7%
Catcher
Larry Haney
27.5%
Pitcher
Dave Hamilton
26.4%
Pitcher
Bob Locker
24.6%
position
player
% Correct
IF
Dwain Anderson
23.6%
Pitcher
Diego Segui
22.1%
IF
Gonzalo Marquez
22.1%
IF
Manny Trillo
19.6%
Pitcher
Horacio Pina
19.2%
OF
Allan Lewis
18.1%
Pitcher
Chuck Dobson
16.7%
Pitcher
Denny McLain
16.7%
DH/
PH
Rico Carty
16.3%
OF
Vic Davalillo
15.9%
IF
Marty Martinez
14.1%
IF
Billy Conigliaro
13.8%
IF
Tim Cullen
13.4%
OF
Bobby Brooks
12.3%
IF
Pat Bourque
10.9%
IF
Curt Blefary
9.8%
Catcher
Tim Hosley
9.8%
IF
John Donaldson
9.1%
Pitcher
Joe Horlen
8.7%
OF
Brant Alyea
8.3%
Pitcher
Jim Roland
8%
OF
Bill Voss
8%
DH/
PH
Jose Morales
6.2%
IF
Rich McKinney
6.2%
IF
Ron Clark
5.8%
OF
Jay Johnstone
5.8%
Pitcher
Rob Gardner
5.4%
Pitcher
Bill Parsons
5.1%
DH/
PH
Art Shamsky
4.7%
OF
Adrian Garrett
3.6%
Pitcher
Don Shaw
3.3%
OF
Champ Summers
3.3%
Pitcher
Leon Hooten
2.9%
Pitcher
Mike Kilkenny
2.9%
Pitcher
Gary Waslewski
2.9%
IF
Gaylen Pitts
2.9%
IF
Bill McNulty
2.5%
Quiz Playlist
Details
Report
Send in Message
Add To Playlist
More Info:
For that small group of fans of the dominant team that played for Charley Finley in the early/mid 70s before the big Red Machine and free agency
Classic:
Type in answers that appear in a list
Quiz Source
Last Updated: Jun 5, 2017
Quiz Scoreboard
CHALLENGE
Sign Up to Join the Scoreboard
Show All
Scores
Hide
Comments
May contain spoilers
Recently Published
Holiday 10x10 Sorting Gallery
by lukepisani3
Holiday
15m
Two Season TV Shows II
by 123Four
Television
10m
Image Sorting: Flags VI
by Barbecue
Geography
2m
More to Explore
Quiz From the Vault
Featured Blog Post
14 Easter Pick-up Lines to Find Eggs With
hide this ad
You Might Also Like...
Tags
Football Quiz
World Quiz
champion
Oakland
Player
team
Today's Top Quizzes in Sports
Browse Sports
hide this ad
Today's Top Quizzes in Football
Browse Football
Top Contributed Quizzes in Sports
1
Les meilleurs buteurs des matchs entre le PSG et l’OM
2
Les entraîneurs de l'OM et du PSG au 21e siècle
3
2022 World Cup Stars
4
Les joueurs passés par le PSG et l'OM
5
Players with Multiple 50 Home Run Seasons
6
FIFA Club World Cup Champions
7
Top 10 NHL Goal Scorers of All Time
8
Les joueurs passés par le LOSC et le RC Lens
9
Criteria MLB: Left Handed Sluggers
10
2023 MLB Unique Player Accomplishments
Explore More
Trending Topics
NBA
Anime
Harry Potter
Marvel
Disney
Kpop
Crossword
Soccer
Pokémon
Puzzle
Country
Song
The Office
WWE
NFL
hide this ad
More By:
JLKeip
Quiz
Plays
Rating
Category
Featured
Created
NFL Last Four 1000-Yard Rushers
277,746
4.51
Sports
May 4, 2010
NFL Top 10 QB/RB/WR (2000s)
263,220
4.36
Sports
Oct 14, 2010
NFL Top 10 QB/RB/WR (1990s)
43,388
4.32
Sports
Mar 29, 2010
Scrabble Tile Values
28,330
4.38
Gaming
Mar 30, 2010
MLB - 8.0+ WAR by team
6,801
4.11
Sports
Oct 3, 2010
Go to Creator's Profile
Score Distribution
Quiz Creator Spotlight
JLKeip
Follow
Send a Message
Quizzes Created
-
Created Quiz Play Count
-
More By This Creator
Popular Quizzes Today
1
Find the US States - No Outlines Minefield
2
Colored Red Africa Blitz
3
Find the 'City' Movie
4
The Countries of the World
5
Find the US States
6
5x2 Blitz: Bands
7
Find the Countries of Europe - No Outlines Minefield
8
US States
More Sports Quizzes
Edge's Wrestlemania Opponents
Published
Trending Quizzes
Colored Red Europe Blitz I
Colored Red Europe Blitz II
Colored Red Africa Blitz II
Colored Red Europe Blitz III
Colored Red Africa Blitz III
Recently Updated
Odd Team Out - Big 4 Players
pecheneg
Quick Pick: 20 Twenties
pecheneg
March Madness Men's Triple Doubles
pecheneg
How Do You Spell That?
pecheneg
Godzilla Movies
pecheneg
Grab Bag: 4-10 Letters
pecheneg
2024 March Madness Bracket
pecheneg
Famous TV Couples
Peacemaker
Champions League XIs: Real Madrid
pecheneg
Largest US Cities 1790-2010
pecheneg
Trending Topics
Anime
Marvel
Harry Potter
Crossword
Kpop
Disney
NBA
Country
Song
Puzzle
Pokémon
Soccer
NFL
WWE
The Office
Your Account Isn't Verified!
In order to create a playlist on Sporcle, you need to verify the email address you used during registration. Go to your
Sporcle Settings
to finish the process.
Report this User
Report this user for behavior that violates our
Community Guidelines
.
Details:
Send Report
Go to the Sporcle.com Mobile Site →
Comments